[Event "RSA-ch U08 Girls"]
[Site "Gauteng"]
[Date "2017.04.11"]
[Round "11"]
[White "Reddy, Deeya"]
[Black "Nortje, Dell Maree"]
[Result "1/2-1/2"]
[WhiteElo "500"]
[BlackElo "618"]
[PlyCount "35"]
[EventDate "2017.04.05"]
[EventType "swiss"]
[EventRounds "11"]
[EventCountry "RSA"]
[SourceTitle "CBM 177 Extra"]
[Source "ChessBase"]
[SourceDate "2017.04.27"]
[SourceVersion "1"]
[SourceVersionDate "2017.04.27"]
[SourceQuality "1"]

1. e4 e5 2. Nf3 Nc6 3. Bc4 Bc5 4. Ng1 Nf6 5. Nf3 Nxe4 6. d3 Nf6 7. 0-0 0-0 8. a3 Ng4 9. h3 Nf6 10. Ng5 h6 11. Bxf7+ Rxf7 12. Nxf7 Kxf7 13. Be3 Bxe3 14. fxe3 a6 15. g4 Kg8 16. h4 Qf8 17. Qf3 Ne8 18. Qe2 1/2-1/2